00484nam a22001577a 4500003000400000008004100004020001800045082001800063100002400081245006900105260003800174300001100212650003500223650004000258650002800298OSt260627b |||||||| |||| 00| 0 eng d a9780323954594 a519.542bL82I aLoftus, Stephen C.  aAn Introductory Handbook of Bayesian Thinking/ Stephen C. Loftus aLondon: bAcademic Press, c2025. a305 p. aNatural sciences & mathematics aProbabilities & applied mathematics aMathematical statistics